El miedo y la angustia
Bewaard in:
| Hoofdauteur: | |
|---|---|
| Formaat: | Boek |
| Taal: | Spaans |
| Gepubliceerd in: |
Ciudad de México
Fondo de Cultura Económica
1993
|
| Reeks: | Biblioteca de Psicología y Psicoanálisis
|
| Onderwerpen: | |
| Tags: |
Voeg label toe
Geen labels, Wees de eerste die dit record labelt!
|
MARC
| LEADER | 00000nam a2200000 a 4500 | ||
|---|---|---|---|
| 001 | UCX9760 | ||
| 003 | CL-VaPUC | ||
| 008 | 940624e19930000MX |||||||||||||||||spa|d | ||
| 082 | 0 | 4 | |a 152.4 |b DIE |2 21 |
| 100 | 0 | |a Diel, Paul |e author |9 327229 | |
| 245 | 1 | 3 | |a El miedo y la angustia |
| 300 | |a 241 p | ||
| 942 | |c BK | ||
| 945 | |d 19940624 00:00:00 |a rbrito | ||
| 260 | |a Ciudad de México |b Fondo de Cultura Económica |c 1993 | ||
| 650 | 0 | |a Angustia |9 266245 | |
| 650 | 0 | |a Miedo |9 307306 | |
| 583 | |a last modification |c 19940624 00:00:00 |k Rodrigo Vera | ||
| 490 | 0 | |a Biblioteca de Psicología y Psicoanálisis | |
| 999 | |c 228913 |d 228911 | ||
| 952 | |0 0 |1 0 |4 0 |6 152_400000000000000_DIE_1993 |7 0 |8 A |9 229402 |a BIBEDU |b BIBEDU |d 2019-11-15 |i 2988348 |l 3 |m 1 |o 152.4 DIE 1993 |p 2988348 |r 2024-10-22 |s 2024-10-07 |w 2019-11-15 |y BK |k EDU | ||